书目信息 |
| 题名: |
汉张景碑
|
|
| 作者: | 《历代碑贴法书选》编辑组 编 | |
| 分册: | ||
| 出版信息: | 上海 上海书画出版社 1982 |
|
| 页数: | 20页 | |
| 开本: | 26米 | |
| 丛书名: | 历代名帖自学选本 | |
| 单 册: | ||
| 中图分类: | J292.22 | |
| 科图分类: | ||
| 主题词: | 隶书-碑帖--中国--东汉时代 , 碑帖-隶书--中国--东汉时代 | |
| 电子资源: | ||
| ISBN: | ||
| 000 | 00855nam2 2200289 45 | |
| 001 | 0189011977 | |
| 005 | 20040520110534.1 | |
| 010 | @dCNY0.28 | |
| 011 | @a8068.852 | |
| 020 | @aCN@b89011977 | |
| 100 | @a19910105d1982 m y0chiy0120 ea | |
| 101 | 0 | @achi |
| 102 | @aCN@b310000 | |
| 105 | @ay z 000yy | |
| 106 | @ar | |
| 200 | 10 | @a汉张景碑@Ahan zhang jing bei@f《历代碑贴法书选》编辑组编@F《Li Dai Bei Tie Fa Shu Xuan》Bian Ji Zu Bian |
| 210 | @a上海@c上海书画出版社@d1982 | |
| 215 | @a20页@d26米 | |
| 225 | 2 | @a历代名帖自学选本 |
| 410 | 0 | @120010@a历代名帖自学选本 |
| 540 | 1 | @a汉 张景 碑@Ahan zhang jing bei |
| 606 | @a隶书-碑帖@y中国@z东汉时代 | |
| 606 | @a碑帖-隶书@y中国@z东汉时代 | |
| 690 | @aJ292.22@v1980 | |
| 701 | 0 | @a《历代碑贴法书选》编辑组@4编 |
| 801 | 0 | @aCN@bNLC@c19910105 |
| 905 | @f2@b207928-929@dJ292.22@e175 | |
| 汉张景碑/《历代碑贴法书选》编辑组编.-上海:上海书画出版社,1982 |
| 20页;26米.-(历代名帖自学选本) |
| ISBN :CNY0.28 |
| ● |
| 相关链接 |
|
|
|
|
正题名:汉张景碑
索取号:J292.22/175
 
预约/预借
| 序号 | 登录号 | 条形码 | 馆藏地/架位号 | 状态 | 备注 |
| 1 | 0207930 | 001207633 | 第一样本阅览室/ [索取号:J292.22/175] | 在馆 |